• 首页
  • 本馆介绍
  • 公告通知
  • 最新文献
  • 馆藏检索
  • 电子资源
  • 读者导购
  • 参考咨询
  • 我的图书馆
  • 登录
  • 详细信息显示
  • 放入我的书架
  • 预约/预借图书
  • 作者相关作品
  • 分类相关作品
  • 丛书相关作品
  • 出版社相关作品

书目信息

  • 表格格式
  • 工作单格式
  • 卡片格式
题名:
美国教育改革
    
 
作者: 瞿葆奎 主编 ;马骥雄 选编
分册:  
出版信息: 北京   人民教育出版社  1990.08
页数: 703页
开本: 21cm
丛书名: 教育学文集
单 册:
中图分类: G571.21
科图分类:
主题词: 教育事业--世界
电子资源:
ISBN: 7-107-10432-2
000 00699nam0 2200229 450
001 0653765186
005 20061109145809.98
010    @a7-107-10432-2@b精装@dCNY12.95
100    @a20061109d1990 km y0chiy0120 ea
101 0  @achi
102    @aCN@b110000
200 1  @a美国教育改革@Amei guo jiao yu gai ge@f瞿葆奎主编@Fqu bao kui zhu bian@g马骥雄选编@Gma ji xiong xuan bian
210    @a北京@c人民教育出版社@d1990.08
215    @a703页@d21cm
225 2  @a教育学文集@h第19卷
410  0 @12001 @a教育学文集
606 0  @a教育事业@x世界
690    @aG571.21@v3
701  0 @a瞿葆奎@Aqu bao kui@4主编
702  0 @a马骥雄@Ama ji xiong@4选编
801  0 @aCN@bPFT@c20061109
905    @a10447@dG571.21@e20
    
    美国教育改革/瞿葆奎主编/马骥雄选编.-北京:人民教育出版社,1990.08
    703页;21cm.-(教育学文集.第19卷)
    
    
    ISBN 7-107-10432-2(精装):CNY12.95
    
●
相关链接 在E读中查询图书 在五车中查询图书 在当当中查询图书 在豆瓣中查询图书


正题名:美国教育改革     索取号:G571.21/20         预约/预借

序号 登录号 条形码 馆藏地/架位号 状态 备注
1 0232639   202443971   第一样本阅览室/ [索取号:G571.21/20] 在馆    
唐山师范学院图书馆 欢迎您!
大连网信软件有限公司© 版权所有